| 000 | 00562nam a22001217a 4500 | ||
|---|---|---|---|
| 008 | 110628t xxu||||| |||| 00| 0 eng d | ||
| 010 | _aHCMA F-107 | ||
| 245 | _aThe Court Miscellaneseous Application Number 318 of 2006 Standard Chartered Bank of Uganda Ltd. Vs Ben Kavuya Barclays Bank (U) Ltd. | ||
| 260 | _c2006 | ||
| 500 | _aBefore: Ag. Judge Remmy Kasule | ||
| 999 |
_c4230 _d4230 |
||